Nepustime si vodu dolu vodou
Rozhovor s Milanom Kravčíkom, predsedom MVO Ľudia a voda. Realizácia opatrení a spôsob protipovodňovej prevencie. Ako treba povodniam predchádzať. Koncept ochrany pred povodňami. Limitujúce faktory ekonomickej prosperity.
Enregistré dans:
| Auteur principal: | |
|---|---|
| Autres auteurs: | |
| Format: | Chapitre de livre |
| Langue: | slovaque |
| Sujets: | |
| Tags: |
Pas de tags, Soyez le premier à ajouter un tag!
|
MARC
| LEADER | 00000naa$a2200000$$$4500 | ||
|---|---|---|---|
| 001 | 0117102 | ||
| 005 | 20231005102519.6 | ||
| 041 | 0 | |a slo | |
| 044 | |a SK | ||
| 245 | 1 | 0 | |a Nepustime si vodu dolu vodou |c Dagmar Krištofičová, Michal Kravčík |
| 520 | |a Rozhovor s Milanom Kravčíkom, predsedom MVO Ľudia a voda. Realizácia opatrení a spôsob protipovodňovej prevencie. Ako treba povodniam predchádzať. Koncept ochrany pred povodňami. Limitujúce faktory ekonomickej prosperity. | ||
| 610 | 2 | 0 | |a Slovensko |
| 610 | 2 | 0 | |a regióny |
| 610 | 2 | 0 | |a povodne |
| 610 | 2 | 0 | |a rieky |
| 610 | 2 | 0 | |a hrádze |
| 610 | 2 | 0 | |a hospodárstvo regionálne |
| 610 | 2 | 0 | |a ekonomika komunálna |
| 610 | 2 | 0 | |a rozmiestenie investícií |
| 610 | 2 | 0 | |a financie |
| 610 | 2 | 0 | |a diela vodné |
| 610 | 2 | 0 | |a prostredie životné |
| 100 | 1 | |a Krištofičová, Dagmar | |
| 700 | 1 | |a Kravčík, Michal | |